[Event "17th WCh U20 Girls"]
[Site "Yerevan ARM"]
[Date "1999.09.22"]
[Round "5"]
[White "Jackova, Jana"]
[Black "Khukhashvili, Sopiko"]
[Result "0-1"]
[WhiteElo "2233"]
[BlackElo "2206"]
[EventDate "1999.09.18"]
[PlyCount "182"]

1.e4 c5 2.Nf3 d6 3.d4 cxd4 4.Nxd4 Nf6 5.Nc3 a6 6.Bc4 e6 7.Bb3 b5 8.Qf3 Qc7
9.Bg5 Be7 10.O-O-O O-O 11.h4 b4 12.Na4 Nbd7 13.Kb1 Bb7 14.Qh3 Nc5 15.f3 
Nxb3 16.cxb3 d5 17.exd5 Nxd5 18.Rhe1 Rac8 19.Qg4 Kh8 20.Bxe7 Nxe7 21.Qh5 
Rfd8 22.Rc1 Qf4 23.Ne2 Qf6 24.Qg5 Qf5+ 25.Qxf5 Nxf5 26.Nc5 Rc7 27.h5 h6 
28.g4 Nh4 29.Nxb7 Rxb7 30.Ng1 Rbd7 31.Re2 Rd3 32.Rf2 Rd2 33.Rxd2 Rxd2 34.
Rc2 Rd3 35.Rc8+ Kh7 36.Kc2 Rd5 37.a3 a5 38.axb4 axb4 39.Rc4 Ng2 40.Re4 Rd6
41.Nh3 f5 42.Re2 Nh4 43.Re3 Kg8 44.Rd3 Rc6+ 45.Kd1 Kf7 46.gxf5 Nxf5 47.Nf2
Kf6 48.f4 Ke7 49.Ne4 Nd6 50.Ng3 Ra6 51.Rd4 Rb6 52.Ke2 Nf5 53.Nxf5+ exf5 
54.Rd5 Re6+ 55.Kf3 Rd6 56.Rxf5 Rd3+ 57.Ke4 Rxb3 58.Rb5 Rxb2 59.Rb7+ Kf6 
60.Rb6+ Kf7 61.Rb7+ Kg8 62.Kf5 Kh7 63.Rb6 b3 64.Rb4 Rb1 65.Rb7 Kg8 66.Rb8+
Kf7 67.Rb7+ Kf8 68.Rb8+ Ke7 69.Rb7+ Kf8 70.Rb8+ Kf7 71.Rb7+ Kg8 72.Rb8+ 
Kh7 73.Rb4 b2 74.Rb8 Rh1 75.Rxb2 Rxh5+ 76.Kg4 Rh1 77.f5 Rg1+ 78.Kf4 h5 79.
Rb3 Rg4+ 80.Ke5 h4 81.Rh3 Kh6 82.f6 gxf6+ 83.Kf5 Ra4 84.Kxf6 Rf4+ 85.Ke5 
Kg5 86.Rh1 Rg4 87.Ra1 h3 88.Ra8 Kh4 89.Kf5 Rb4 90.Rg8 h2 91.Ra8 Rb5+ 0-1

[Event "17th WCh U20 Girls"]
[Site "Yerevan ARM"]
[Date "1999.09.22"]
[Round "5"]
[White "Sorokina, Anastasia"]
[Black "Vo Hong Phuong"]
[Result "1-0"]
[WhiteElo "2162"]
[BlackElo "2226"]
[EventDate "1999.09.18"]
[PlyCount "71"]

1.e4 e5 2.f4 exf4 3.Nf3 d5 4.exd5 Qxd5 5.Nc3 Qd8 6.Bc4 Bd6 7.O-O Bf5 8.
Qe2+ Ne7 9.Nh4 O-O 10.d3 Nbc6 11.Bxf4 Nd4 12.Qd2 Bxf4 13.Qxf4 Be6 14.Bxe6 
Nxe6 15.Qg3 Nd4 16.Rf2 c6 17.Ne4 Qb6 18.Re1 Ng6 19.c3 Ne6 20.d4 Rad8 21.
Nf5 Qc7 22.Qg4 Kh8 23.Re3 Rfe8 24.Ref3 f6 25.h4 Ngf8 26.Rg3 Ng6 27.h5 Ngf4
28.h6 g6 29.Nxf6 Rf8 30.Ng7 Nxg7 31.Rxf4 Nf5 32.Rxf5 Qe7 33.Qg5 Rf7 34.Re3
Qc7 35.Rfe5 Rdf8 36.Re8 1-0

[Event "17th WCh U20 Girls"]
[Site "Yerevan ARM"]
[Date "1999.09.22"]
[Round "5"]
[White "Budylina, Sofia"]
[Black "Slavina, Irina"]
[Result "0-1"]
[WhiteElo "2032"]
[BlackElo "2295"]
[EventDate "1999.09.18"]
[PlyCount "112"]

1.e4 g6 2.d4 d6 3.Nc3 Bg7 4.f4 Nf6 5.Nf3 O-O 6.Bd3 Na6 7.O-O c5 8.d5 Rb8 
9.Qe2 Nc7 10.a4 Bg4 11.h3 Bxf3 12.Qxf3 e6 13.Be3 exd5 14.exd5 b6 15.Rab1 
a6 16.b4 Nd7 17.Na2 Re8 18.Bf2 Qf6 19.Kh1 h5 20.Rb3 Bh6 21.Bg1 h4 22.Qg4 
Qe7 23.Bf5 Nf6 24.Qxh4 Bg7 25.Re3 Qf8 26.Rxe8 Rxe8 27.Bd3 Nfxd5 28.f5 Bf6 
29.Qg4 g5 30.Be4 Qg7 31.Rd1 Bd4 32.Bxd4 cxd4 33.Bxd5 Nxd5 34.Qxd4 Re1+ 35.
Kh2 Rxd1 36.Qxd1 Qe5+ 37.Kh1 Qxf5 38.Qd4 Qf1+ 39.Kh2 Nf4 40.Qd2 Qc4 41.Nc1
d5 42.Nd3 Ne6 43.g3 a5 44.c3 d4 45.cxd4 Qxd4 46.bxa5 bxa5 47.Qc2 Qe3 48.
Qc8+ Kg7 49.Qc2 Nd4 50.Qd1 Ne2 51.Kg2 Qxg3+ 52.Kf1 Nc3 53.Qc2 Qxh3+ 54.Kg1
Qg4+ 55.Kf2 Qd4+ 56.Kf3 Nxa4 0-1

[Event "17th WCh U20 Girls"]
[Site "Yerevan ARM"]
[Date "1999.09.22"]
[Round "5"]
[White "Shahade, Jennifer"]
[Black "Navabi, Shirin"]
[Result "1-0"]
[WhiteElo "2290"]
[BlackElo "2029"]
[EventDate "1999.09.18"]
[PlyCount "51"]

1.e4 e5 2.d4 exd4 3.Nf3 d5 4.Qxd4 Nf6 5.exd5 Qxd5 6.Qxd5 Nxd5 7.Bc4 Nb6 8.
Bb3 Be7 9.O-O Nc6 10.Bf4 Bd6 11.Re1+ Ne7 12.Bxd6 cxd6 13.Na3 Bg4 14.Ng5 
Bh5 15.Nb5 Rd8 16.Nc7+ Kd7 17.Bxf7 Bg6 18.Bb3 Rc8 19.Nge6 Nf5 20.Nb5 a6 
21.Nc3 Nc4 22.Nd5 Ke8 23.Nec7+ Kd8 24.Bxc4 Bf7 25.Bd3 Rxc7 26.Nxc7 1-0

[Event "17th WCh U20 Girls"]
[Site "Yerevan ARM"]
[Date "1999.09.22"]
[Round "5"]
[White "Gasparian, Marianna"]
[Black "Aginian, Nelly"]
[Result "0-1"]
[WhiteElo "2075"]
[BlackElo "2170"]
[EventDate "1999.09.18"]
[PlyCount "70"]

1.c4 e5 2.Nc3 Nf6 3.g3 d5 4.cxd5 Nxd5 5.Bg2 Nb6 6.Nf3 Nc6 7.a3 Be7 8.b4 a6
9.O-O O-O 10.d3 Be6 11.Ne4 a5 12.b5 Nd4 13.Nxd4 exd4 14.Qc2 Bd5 15.Bf4 Rc8
16.Bh3 f5 17.Nc5 c6 18.Nb3 cxb5 19.Qb1 Bxb3 20.Qxb3+ Qd5 21.Rfb1 Rc5 22.
Bg2 Qxb3 23.Rxb3 Nd5 24.Bxd5+ Rxd5 25.Rab1 b4 26.Bd2 a4 27.R3b2 b3 28.Ra1 
Rc8 29.Kg2 Rb5 30.Bc1 Rbc5 31.Rbb1 Rc2 32.Kf3 Ra2 33.Bb2 Rc2 34.Bxd4 Rxa1 
35.Rxa1 b2 0-1

[Event "17th WCh U20 Girls"]
[Site "Yerevan ARM"]
[Date "1999.09.22"]
[Round "5"]
[White "Matras, Agnieszka"]
[Black "Zaksaite, Salomeja"]
[Result "1-0"]
[WhiteElo "2146"]
[BlackElo "2087"]
[EventDate "1999.09.18"]
[PlyCount "73"]

1.e4 c6 2.d4 d5 3.exd5 cxd5 4.Bd3 Nc6 5.Nf3 g6 6.O-O Nh6 7.c3 Bf5 8.Bf4 
Bxd3 9.Qxd3 Bg7 10.Nbd2 O-O 11.Rfe1 Nf5 12.Nf1 e6 13.Ne3 Nd6 14.Ng4 Rc8 
15.Bg5 Qc7 16.Nf6+ Kh8 17.Ne5 Ne8 18.Ned7 Bxf6 19.Nxf6 Kg7 20.Ng4 Rg8 21.
Qh3 h5 22.Qh4 Rh8 23.Nf6 Nd6 24.Qf4 Nf5 25.Qf3 b5 26.a3 Qb7 27.h3 Qc7 28.
Bf4 Qb7 29.Bg5 a5 30.g4 hxg4 31.hxg4 Nd6 32.Nxd5 exd5 33.Bf6+ Kg8 34.Bxh8 
Ne4 35.Bf6 Qd7 36.Rxe4 dxe4 37.Qh3 1-0

[Event "17th WCh U20 Girls"]
[Site "Yerevan ARM"]
[Date "1999.09.22"]
[Round "5"]
[White "Sahakian, Nonna"]
[Black "Klimenko, Veronica"]
[Result "1/2-1/2"]
[WhiteElo "2093"]
[BlackElo "2100"]
[EventDate "1999.09.18"]
[PlyCount "168"]

1.e4 e6 2.d4 d5 3.Nd2 dxe4 4.Nxe4 Nf6 5.Nxf6+ gxf6 6.Be3 Nc6 7.c3 Ne7 8.
Nf3 Bd7 9.Bd3 Bc6 10.Qe2 Qd7 11.O-O-O O-O-O 12.Kb1 Nd5 13.Bc1 Bd6 14.g3 a5
15.Bd2 a4 16.a3 b5 17.Rc1 Nb6 18.Bh6 e5 19.Rhe1 Rhe8 20.dxe5 Bxe5 21.Red1 
Nd5 22.Nxe5 Rxe5 23.Qd2 Qh3 24.f3 Nb6 25.Bf4 Red5 26.Qc2 Kb7 27.Bf1 Qh5 
28.g4 Qg6 29.Re1 R5d7 30.Qxg6 fxg6 31.Re6 Bxf3 32.Bxb5 c6 33.Be2 Bxe2 34.
Rxe2 Ka6 35.Re6 Kb5 36.Rxf6 Nc4 37.Re6 Rf7 38.Bg5 Rdf8 39.Rce1 Rf2 40.R6e2
R2f3 41.Bc1 h5 42.g5 Rh3 43.Rd1 Kc5 44.Rd7 Rf1 45.Kc2 Rh4 46.Rd1 Rf3 47.
Rg1 Kd5 48.Rgg2 Kc5 49.Rgf2 Rfh3 50.Bf4 Kd5 51.Kc1 Rg4 52.Re8 Rg1+ 53.Kc2 
Ra1 54.Bc1 Rh4 55.Rfe2 Rg4 56.Rd8+ Kc5 57.Rd1 Kb5 58.Rf2 Kc5 59.Kd3 Ne5+ 
60.Ke2 Kc4 61.Ke3 c5 62.Rf6 Rg2 63.Re6 Ng4+ 64.Kf4 Rxb2 65.Rde1 Rxh2 66.
Rxg6 Rc2 67.Re4+ Kxc3 68.Be3 Nxe3 69.Rxe3+ Kb2 70.Rb6+ Ka2 71.Rg3 Rf1+ 72.
Ke4 Rc4+ 73.Kd5 Rg4 74.Rxg4 hxg4 75.Rf6 Rf3 76.Ke4 Kxa3 77.Rxf3+ gxf3 78.
Kxf3 Kb2 79.g6 a3 80.g7 a2 81.g8=Q a1=Q 82.Qb8+ Kc2 83.Qh2+ Kb1 84.Qh7+ 
Kb2 1/2-1/2

[Event "17th WCh U20 Girls"]
[Site "Yerevan ARM"]
[Date "1999.09.23"]
[Round "6"]
[White "Cmilyte, Viktorija"]
[Black "Vajda, Szidonia"]
[Result "1-0"]
[WhiteElo "2354"]
[BlackElo "2397"]
[EventDate "1999.09.18"]
[PlyCount "87"]

1.d4 Nf6 2.c4 c5 3.d5 b5 4.cxb5 a6 5.bxa6 g6 6.Nc3 Bxa6 7.e4 Bxf1 8.Kxf1 
d6 9.g3 Bg7 10.Kg2 Nbd7 11.Nge2 O-O 12.Qc2 Ra6 13.a4 Nb6 14.b3 e6 15.Qd3 
Qa8 16.Bg5 exd5 17.Bxf6 Bxf6 18.exd5 Re8 19.Rad1 Ra7 20.Nb5 Rae7 21.Nec3 
Bxc3 22.Nxc3 Re5 23.Rd2 Qb8 24.Rhd1 Nd7 25.Qb5 Qd8 26.a5 Nf6 27.a6 Nh5 28.
a7 Qg5 29.Qa4 c4 30.Qxc4 Rf5 31.Kh1 Kg7 32.Qd4+ f6 33.Re2 Rfe5 34.Rxe5 
fxe5 35.Qb6 Qf5 36.Qe3 Nf6 37.Kg2 Rf8 38.h3 Qc8 39.Nb5 Qd7 40.Qb6 Qf5 41.
a8=Q Rxa8 42.Qb7+ Qd7 43.Qxa8 Qxb5 44.Ra1 1-0

[Event "17th WCh U20 Girls"]
[Site "Yerevan ARM"]
[Date "1999.09.23"]
[Round "6"]
[White "Mkrtchian, Lilit"]
[Black "Sergeeva, Maria"]
[Result "1-0"]
[WhiteElo "2295"]
[BlackElo "2208"]
[EventDate "1999.09.18"]
[PlyCount "113"]

1.e4 c5 2.Nf3 d6 3.d4 cxd4 4.Nxd4 Nf6 5.Nc3 a6 6.Be2 e6 7.O-O Qc7 8.a4 Nc6
9.Be3 Be7 10.f4 O-O 11.Kh1 Re8 12.Bf3 Rb8 13.Qd2 Bd7 14.Nb3 b5 15.axb5 
axb5 16.Qe2 b4 17.Nb5 Qb7 18.Nxd6 Bxd6 19.e5 Bxe5 20.fxe5 Nd5 21.Bc5 Nce7 
22.Ra7 Qb5 23.Qf2 f5 24.Be2 Qc6 25.Na5 Qc8 26.Ba6 Qd8 27.Nb7 Rxb7 28.Bxb7 
Nc6 29.Bxc6 Bxc6 30.Qg3 Bd7 31.c4 bxc3 32.bxc3 Qc8 33.c4 Qxc5 34.Rxd7 Ne7 
35.Rc1 Ng6 36.h4 Rc8 37.h5 Qxe5 38.Qxe5 Nxe5 39.Rd4 Rc5 40.Kg1 Kf7 41.Kf2 
Kf6 42.Ke2 Kg5 43.Kd2 Kxh5 44.Kc3 Rxc4+ 45.Rxc4 Nxc4 46.Kxc4 Kg4 47.Rc3 e5
48.Kd5 e4 49.Rc7 g5 50.Rxh7 Kg3 51.Rh5 g4 52.Kd4 Kxg2 53.Rxf5 g3 54.Kxe4 
Kg1 55.Kf3 g2 56.Rg5 Kh1 57.Kf2 1-0

[Event "17th WCh U20 Girls"]
[Site "Yerevan ARM"]
[Date "1999.09.23"]
[Round "6"]
[White "Kuang Yinghui"]
[Black "Shahade, Jennifer"]
[Result "1/2-1/2"]
[WhiteElo "2202"]
[BlackElo "2290"]
[EventDate "1999.09.18"]
[PlyCount "55"]

1.e4 c5 2.Nf3 d6 3.c3 Nf6 4.h3 g6 5.Bd3 Bg7 6.Bc2 Nc6 7.O-O O-O 8.d4 cxd4 
9.cxd4 Nb4 10.Bb3 d5 11.e5 Ne4 12.Re1 Bf5 13.Nh4 Be6 14.f3 Ng3 15.Nc3 Nf5 
16.Nxf5 Bxf5 17.Be3 Be6 18.Rc1 Rc8 19.Qe2 a6 20.Na4 Rxc1 21.Rxc1 Nc6 22.
Rc5 Na5 23.Bc2 Bc8 24.Bd3 Nc6 25.a3 f6 26.f4 Bh6 27.e6 Qd6 28.f5 1/2-1/2

[Event "17th WCh U20 Girls"]
[Site "Yerevan ARM"]
[Date "1999.09.23"]
[Round "6"]
[White "Slavina, Irina"]
[Black "Mohota, Nisha"]
[Result "1/2-1/2"]
[WhiteElo "2295"]
[BlackElo "2198"]
[EventDate "1999.09.18"]
[PlyCount "61"]

1.d4 f5 2.Bf4 Nf6 3.e3 d6 4.Nc3 c6 5.Nf3 e6 6.h3 d5 7.a3 Be7 8.Ne5 Nbd7 9.
g4 Nxe5 10.Bxe5 O-O 11.Bg2 Ne4 12.Nxe4 fxe4 13.O-O Bd7 14.c4 Qb6 15.b4 a5 
16.c5 Qd8 17.Rb1 axb4 18.axb4 Ra2 19.f3 exf3 20.Rxf3 Qa8 21.Qf1 Rxf3 22.
Qxf3 Be8 23.Rf1 Ra1 24.e4 Bg6 25.exd5 exd5 26.Kh2 Rxf1 27.Qxf1 h6 28.Qe2 
Bg5 29.b5 Qa1 30.b6 Qc1 31.Qf3 1/2-1/2

[Event "17th WCh U20 Girls"]
[Site "Yerevan ARM"]
[Date "1999.09.23"]
[Round "6"]
[White "Sheldon, Ruth"]
[Black "Sorokina, Anastasia"]
[Result "1-0"]
[WhiteElo "2310"]
[BlackElo "2162"]
[EventDate "1999.09.18"]
[PlyCount "57"]

1.d4 d5 2.c4 dxc4 3.e4 e5 4.Nf3 exd4 5.Bxc4 Bb4+ 6.Bd2 Bxd2+ 7.Nbxd2 Nh6 
8.O-O c5 9.Rc1 O-O 10.Bd5 Qb6 11.Nc4 Qc7 12.b4 cxb4 13.Nxd4 Nc6 14.Ne3 Bd7
15.Nxc6 Bxc6 16.Qd4 a5 17.Bxc6 bxc6 18.Nd5 Qb7 19.Rxc6 Qa7 20.Qe5 Rae8 21.
Qg5 Re6 22.Rfc1 Qd4 23.Ne7+ Rxe7 24.Qxe7 Ng4 25.Rc8 Qxf2+ 26.Kh1 h6 27.
Rxf8+ Kh7 28.Qxf7 Qh4 29.Qf5+ 1-0

[Event "17th WCh U20 Girls"]
[Site "Yerevan ARM"]
[Date "1999.09.23"]
[Round "6"]
[White "Aginian, Nelly"]
[Black "Jackova, Jana"]
[Result "0-1"]
[WhiteElo "2170"]
[BlackElo "2233"]
[EventDate "1999.09.18"]
[PlyCount "90"]

1.e4 e5 2.Nf3 Nc6 3.Bb5 a6 4.Ba4 Nf6 5.O-O Be7 6.Re1 b5 7.Bb3 O-O 8.h3 Bb7
9.c3 d5 10.d3 Qd7 11.Nbd2 Rad8 12.a4 Rfe8 13.Qe2 b4 14.Nf1 h6 15.Ng3 Bf8 
16.a5 Nb8 17.Bd2 c5 18.Rec1 Bc6 19.cxb4 cxb4 20.Be3 Bb5 21.Qd1 Qb7 22.Bb6 
Rd7 23.Qe1 Bxd3 24.exd5 Nxd5 25.Nxe5 Nxb6 26.axb6 Qxb6 27.Nxd3 Rxe1+ 28.
Nxe1 Rd2 29.Ne4 Rxb2 30.Bc4 Qd4 31.Nd3 Re2 32.Ng3 Rd2 33.Nf5 Qd7 34.Ne5 
Qxf5 35.Bxf7+ Qxf7 36.Nxf7 Kxf7 37.Rc7+ Ke6 38.Rb7 Bd6 39.Rxg7 Be5 40.Re1 
Rd1 41.Rg6+ Kf7 42.Rxd1 Kxg6 43.g3 b3 44.f4 Bf6 45.Kf2 a5 0-1

[Event "17th WCh U20 Girls"]
[Site "Yerevan ARM"]
[Date "1999.09.23"]
[Round "6"]
[White "Machalova, Veronika"]
[Black "Gritsaeva, Oxana"]
[Result "0-1"]
[WhiteElo "2115"]
[BlackElo "2248"]
[EventDate "1999.09.18"]
[PlyCount "88"]

1.e4 d6 2.d4 Nf6 3.Nc3 g6 4.Be3 c6 5.Qd2 Nbd7 6.Bd3 Qa5 7.f3 b5 8.d5 b4 9.
dxc6 Ne5 10.Nd5 Nxd5 11.exd5 Qxd5 12.Ne2 Bg7 13.c7 Nxd3+ 14.cxd3 a5 15.Nf4
Qb7 16.O-O O-O 17.Rac1 Bd7 18.Rfe1 Rfc8 19.Bf2 e5 20.Ne2 Rxc7 21.Rxc7 Qxc7
22.Rc1 Qb7 23.d4 Be6 24.a3 Rb8 25.dxe5 dxe5 26.Rc5 a4 27.Ra5 bxa3 28.bxa3 
Qb1+ 29.Qe1 Qc2 30.Be3 h6 31.Kf2 Rb2 32.Rc5 Qd3 33.Rc1 Bc4 34.Bd2 Ba6 35.
Rc6 Bb5 36.Rc8+ Kh7 37.Rb8 e4 38.fxe4 Rxd2 39.Rxb5 Bd4+ 40.Kf1 Rd1 41.Rd5 
Rxe1+ 42.Kxe1 Qb1+ 43.Kd2 Qb2+ 44.Kd3 Bg7 0-1

[Event "17th WCh U20 Girls"]
[Site "Yerevan ARM"]
[Date "1999.09.23"]
[Round "6"]
[White "Khukhashvili, Sopiko"]
[Black "Kouvatsou, Maria"]
[Result "1/2-1/2"]
[WhiteElo "2206"]
[BlackElo "2152"]
[EventDate "1999.09.18"]
[PlyCount "210"]

1.e4 c5 2.Nf3 e6 3.d4 cxd4 4.Nxd4 Nf6 5.Nc3 d6 6.Be2 a6 7.O-O Be7 8.Be3 
O-O 9.f4 Qc7 10.Kh1 Re8 11.a4 Nc6 12.Bf3 Rb8 13.Qe2 Bd7 14.Nb3 Na5 15.Nxa5
Qxa5 16.Bd2 Qc5 17.Rad1 e5 18.Qf2 Qxf2 19.Rxf2 b5 20.axb5 axb5 21.Ne2 d5 
22.Ng3 dxe4 23.Nxe4 Nxe4 24.Bxe4 Bc5 25.Rff1 Bg4 26.Rde1 f6 27.fxe5 fxe5 
28.Bc6 Red8 29.Rxe5 Bd4 30.Rxb5 Rbc8 31.Rd5 Bxb2 32.Bb4 h5 33.Be7 Rxd5 34.
Bxd5+ Kh8 35.c4 Be5 36.Rf8+ Rxf8 37.Bxf8 Kh7 38.h3 Bc8 39.Kg1 Kg6 40.Kf2 
Kf5 41.Kf3 g5 42.Ke3 Kf6 43.Bf3 g4 44.hxg4 hxg4 45.Bd5 Bg3 46.Bc5 Bc7 47.
Bd4+ Kf5 48.Ba7 Ke5 49.Bc5 Kf5 50.Bf8 Be5 51.Bh6 Ba6 52.Kd3 Bc8 53.Kc2 Bd6
54.Kb3 Bc5 55.Bd2 Ke5 56.Bb4 Bb6 57.Be7 Be3 58.Kb4 Bd7 59.Ka5 Bf2 60.Bd8 
Kd6 61.Bb6 Be1+ 62.Ka6 Bb4 63.Ba7 Ba4 64.Bf2 Bc5 65.Bg3+ Kd7 66.Ka5 Bc6 
67.Bxc6+ Kxc6 68.Ka4 Be3 69.Kb4 Bd2+ 70.Kb3 Be3 71.Kc3 Kc5 72.Kd3 Bg1 73.
Bf4 Kc6 74.Ke4 Bf2 75.Be3 g3 76.Kf3 Be1 77.Ke2 Ba5 78.Ba7 Bc7 79.Bd4 Bd6 
80.Kf3 Bc7 81.Ke4 Ba5 82.Kd3 Bc7 83.Bf6 Bd6 84.Bg7 Kc5 85.Bb2 Kc6 86.Kc3 
Be5+ 87.Kb3 Bd6 88.Ba3 Bf4 89.Kc2 Bc7 90.Kd3 Bb6 91.Bf8 Bf2 92.Ke4 Be1 93.
Kf3 Bf2 94.c5 Kd5 95.Bd6 Kc6 96.Ke4 Be1 97.Kd3 Kd5 98.Kc2 Bf2 99.Kb3 Bxc5 
100.Bxc5 Kxc5 101.Kc3 Kd5 102.Kd3 Ke5 103.Ke3 Kf5 104.Kf3 Kf6 105.Kxg3 Kg5
1/2-1/2

[Event "17th WCh U20 Girls"]
[Site "Yerevan ARM"]
[Date "1999.09.23"]
[Round "6"]
[White "Klimenko, Veronica"]
[Black "Tsitaishvili, Nino"]
[Result "1/2-1/2"]
[WhiteElo "2100"]
[BlackElo "2142"]
[EventDate "1999.09.18"]
[PlyCount "41"]

1.e4 c5 2.Nf3 e6 3.c4 a6 4.Nc3 d6 5.Be2 Nf6 6.O-O Be7 7.d4 cxd4 8.Nxd4 O-O
9.Be3 b6 10.f3 Qc7 11.Rc1 Nbd7 12.Qd2 Bb7 13.Rfd1 Rac8 14.Bf1 Qb8 15.Qf2 
Bd8 16.Nb3 Bc7 17.g3 Kh8 18.Na4 Bc6 19.Nc3 Bb7 20.Na4 Bc6 21.Nc3 1/2-1/2

[Event "17th WCh U20 Girls"]
[Site "Yerevan ARM"]
[Date "1999.09.23"]
[Round "6"]
[White "Navabi, Shirin"]
[Black "Sahakian, Nonna"]
[Result "1/2-1/2"]
[WhiteElo "2029"]
[BlackElo "2093"]
[EventDate "1999.09.18"]
[PlyCount "84"]

1.c4 Nf6 2.Nf3 g6 3.b3 Bg7 4.Bb2 c5 5.Nc3 Nc6 6.e3 O-O 7.Be2 b6 8.O-O Bb7 
9.d4 cxd4 10.Nxd4 Nxd4 11.exd4 d5 12.Bf3 Rc8 13.Re1 Re8 14.Ba3 Qd7 15.c5 
bxc5 16.Bxc5 e5 17.Na4 e4 18.Be2 Bc6 19.Nb2 Qb7 20.Qd2 e3 21.fxe3 Ne4 22.
Qc2 Nxc5 23.dxc5 d4 24.Bd3 dxe3 25.Rac1 Bd4 26.Qe2 Qb8 27.Ba6 Rcd8 28.Nd3 
Rd5 29.Rf1 Rg5 30.Ne1 Ree5 31.Nf3 Bxf3 32.Rxf3 Rxc5 33.Rxc5 Rxc5 34.Bc4 
Rf5 35.Rxf5 gxf5 36.Bxf7+ Kg7 37.Bc4 Qe5 38.Kh1 Bb6 39.a4 Kf6 40.g3 Qe4+ 
41.Qg2 Qb1+ 42.Qf1 Qxf1+ 1/2-1/2

[Event "17th WCh U20 Girls"]
[Site "Yerevan ARM"]
[Date "1999.09.23"]
[Round "6"]
[White "Stajic, Snezana"]
[Black "Budylina, Sofia"]
[Result "1-0"]
[WhiteElo "2078"]
[BlackElo "2032"]
[EventDate "1999.09.18"]
[PlyCount "67"]

1.Nf3 c5 2.c4 Nc6 3.g3 g6 4.Bg2 Bg7 5.O-O Nf6 6.d4 cxd4 7.Nxd4 O-O 8.Nc2 
d6 9.Nc3 Be6 10.b3 Rc8 11.Bb2 a6 12.Ne3 Na5 13.Rb1 Qd7 14.Ncd5 Nxd5 15.
Nxd5 Bxd5 16.Bxd5 Bxb2 17.Rxb2 b5 18.Qd2 Nb7 19.cxb5 Qxb5 20.Bxb7 Qxb7 21.
Rc1 Rxc1+ 22.Qxc1 Rc8 23.Rc2 Rxc2 24.Qxc2 a5 25.a3 Qd5 26.b4 Qe5 27.bxa5 
Qxa5 28.a4 Kg7 29.Qb2+ Kg8 30.Qb5 Qc3 31.a5 e5 32.a6 e4 33.Kg2 e3 34.a7 
1-0

[Event "17th WCh U20 Girls"]
[Site "Yerevan ARM"]
[Date "1999.09.24"]
[Round "7"]
[White "Gritsaeva, Oxana"]
[Black "Goletiani, Rusudan"]
[Result "1-0"]
[WhiteElo "2248"]
[BlackElo "2386"]
[EventDate "1999.09.18"]
[PlyCount "77"]

1.e4 c5 2.Nf3 d6 3.d4 cxd4 4.Nxd4 Nf6 5.Nc3 e6 6.Be2 Be7 7.O-O a6 8.f4 Qc7
9.a4 O-O 10.Be3 Nc6 11.Kh1 Bd7 12.Bf3 Rfe8 13.Nb3 b6 14.g4 Bc8 15.g5 Nd7 
16.Bg2 Rb8 17.Qh5 g6 18.Qh4 Nb4 19.Rac1 Bf8 20.Rf3 Bg7 21.f5 Bf8 22.Rh3 h6
23.gxh6 Kh7 24.fxg6+ fxg6 25.e5 d5 26.Rf1 Nxe5 27.Rxf8 Rxf8 28.Qxb4 Bb7 
29.Qd4 Rf5 30.Nd2 Ba8 31.Rg3 b5 32.axb5 axb5 33.Kg1 Rbf8 34.Bh3 Nc6 35.
Qg7+ Qxg7 36.hxg7 Kxg7 37.Bxf5 Rxf5 38.Nxb5 Nb4 39.Nc7 1-0

[Event "17th WCh U20 Girls"]
[Site "Yerevan ARM"]
[Date "1999.09.24"]
[Round "7"]
[White "Mohota, Nisha"]
[Black "Krush, Irina"]
[Result "1-0"]
[WhiteElo "2198"]
[BlackElo "2432"]
[EventDate "1999.09.18"]
[PlyCount "81"]

1.d4 d5 2.c4 Nc6 3.cxd5 Qxd5 4.Nf3 e5 5.Nc3 Bb4 6.dxe5 Qxd1+ 7.Kxd1 Bg4 8.
h3 O-O-O+ 9.Bd2 Bxf3 10.gxf3 Nxe5 11.Kc2 Ne7 12.Bf4 N7c6 13.Bxe5 Nxe5 14.
h4 Bxc3 15.bxc3 c5 16.f4 Nc4 17.e3 Nd6 18.Bg2 Kc7 19.Bd5 f6 20.e4 Rhe8 21.
Rae1 Nc8 22.Rhg1 Re7 23.f5 Nd6 24.Be6 g6 25.f4 gxf5 26.exf5 Ne8 27.h5 h6 
28.Rg6 Ng7 29.Rxh6 Rf8 30.Rh7 Kd8 31.Rd1+ Ke8 32.Rd6 Nxe6 33.Rxe6 Rf7 34.
Rxe7+ Kxe7 35.Rxf7+ Kxf7 36.Kd3 b5 37.Ke4 a5 38.Kd5 b4 39.cxb4 cxb4 40.Kc4
Kg7 41.Kb5 1-0

[Event "17th WCh U20 Girls"]
[Site "Yerevan ARM"]
[Date "1999.09.24"]
[Round "7"]
[White "Shahade, Jennifer"]
[Black "Slavina, Irina"]
[Result "1/2-1/2"]
[WhiteElo "2290"]
[BlackElo "2295"]
[EventDate "1999.09.18"]
[PlyCount "93"]

1.e4 c5 2.Nf3 Nc6 3.Bb5 e6 4.O-O Nge7 5.Re1 Nd4 6.Nxd4 cxd4 7.c3 a6 8.Bf1 
Nc6 9.Na3 b5 10.Nc2 Bc5 11.b4 Bb6 12.cxd4 Nxd4 13.Bb2 Nxc2 14.Qxc2 O-O 15.
d4 Bb7 16.d5 Qg5 17.Rad1 exd5 18.exd5 Rfe8 19.Rxe8+ Rxe8 20.Qc3 f6 21.Qd2 
Qxd2 22.Rxd2 Re1 23.g3 Bc7 24.f4 Rb1 25.a3 Bb6+ 26.Bd4 Rb2 27.Rxb2 Bxd4+ 
28.Rf2 Bxd5 29.Bh3 Bc6 30.Kf1 Bxf2 31.Kxf2 Kf7 32.Ke3 Ke7 33.Kd4 Kd6 34.
Bf1 h6 35.Bh3 Bh1 36.Bf5 g5 37.fxg5 fxg5 38.Bc2 Bb7 39.h4 gxh4 40.gxh4 Bd5
41.Bf5 Bc6 42.Bg4 Bg2 43.Bd1 Bd5 44.Bg4 Ba8 45.Bf5 Bf3 46.Bc2 Bc6 47.Bd1 
1/2-1/2

[Event "17th WCh U20 Girls"]
[Site "Yerevan ARM"]
[Date "1999.09.24"]
[Round "7"]
[White "Tkeshelashvili, Sopio"]
[Black "Mkrtchian, Lilit"]
[Result "1/2-1/2"]
[WhiteElo "2284"]
[BlackElo "2295"]
[EventDate "1999.09.18"]
[PlyCount "118"]

1.e4 e6 2.Qe2 Ne7 3.d3 d5 4.Nf3 g6 5.g3 Bg7 6.Bg2 c5 7.e5 Nbc6 8.c3 h6 9.
h4 b6 10.O-O Bb7 11.Re1 Qc7 12.Bf4 O-O-O 13.Na3 a6 14.Nc2 g5 15.hxg5 Ng6 
16.d4 Nxf4 17.gxf4 hxg5 18.fxg5 Rh5 19.b4 c4 20.Ne3 Ne7 21.Nf1 Rg8 22.Ng3 
Rh7 23.Qe3 Ng6 24.Kf1 Nh4 25.Nxh4 Rxh4 26.Ke2 Rh2 27.Bf3 f6 28.exf6 Qxg3 
29.fxg7 Rxg7 30.Rg1 Qh4 31.Rg4 Qh7 32.Qxe6+ Kb8 33.g6 Re7 34.gxh7 Rxe6+ 
35.Kf1 Rxh7 36.Kg2 Kc7 37.Rg5 Kd6 38.Bg4 Re8 39.Rg6+ Kc7 40.Kg3 Bc8 41.
Bxc8 Kxc8 42.Rc1 Kc7 43.a4 Re2 44.a5 bxa5 45.bxa5 Ra2 46.Rxa6 Rg7+ 47.Kh4 
Kb7 48.Rb6+ Ka7 49.Rf6 Rxa5 50.Kh5 Ra2 51.Re1 Rc2 52.Kh6 Rd7 53.Re3 Kb7 
54.Rg3 Re7 55.Kg6 Rd2 56.Rg5 Rd7 57.f4 Rd3 58.Rf7 Rxf7 59.Kxf7 Kc6 1/2-1/2

[Event "17th WCh U20 Girls"]
[Site "Yerevan ARM"]
[Date "1999.09.24"]
[Round "7"]
[White "Khukhashvili, Sopiko"]
[Black "Cmilyte, Viktorija"]
[Result "1-0"]
[WhiteElo "2206"]
[BlackElo "2354"]
[EventDate "1999.09.18"]
[PlyCount "45"]

1.e4 c5 2.Nf3 d6 3.d4 cxd4 4.Nxd4 Nf6 5.Nc3 Nc6 6.Bc4 Qb6 7.Nb3 e6 8.Bf4 
Ne5 9.Be2 Be7 10.Bg3 a6 11.f4 Nc6 12.Qd2 Qc7 13.e5 dxe5 14.fxe5 Nd7 15.
O-O-O Ncxe5 16.Qd4 f6 17.Rhe1 Qc6 18.Bg4 b5 19.Na5 Qc7 20.Bxe6 Qxa5 21.
Bxd7+ Bxd7 22.Bxe5 O-O-O 23.Bg3 1-0

[Event "17th WCh U20 Girls"]
[Site "Yerevan ARM"]
[Date "1999.09.24"]
[Round "7"]
[White "Vajda, Szidonia"]
[Black "Tsitaishvili, Nino"]
[Result "1-0"]
[WhiteElo "2397"]
[BlackElo "2142"]
[EventDate "1999.09.18"]
[PlyCount "111"]

1.e4 c5 2.c3 Nf6 3.e5 Nd5 4.Nf3 e6 5.d4 cxd4 6.cxd4 d6 7.Nc3 Nxc3 8.bxc3 
Nc6 9.exd6 Qxd6 10.Bd3 g6 11.O-O Bg7 12.a4 Qc7 13.Ba3 Ne7 14.Bb5+ Bd7 15.
Qb3 Bxb5 16.Qxb5+ Qc6 17.Ne5 Qxb5 18.axb5 f6 19.Nc4 Kd7 20.Na5 b6 21.Bxe7 
Kxe7 22.Nc6+ Kd6 23.Nxa7 e5 24.dxe5+ fxe5 25.Rfd1+ Kc7 26.f3 Bf6 27.Ra4 
Rhd8 28.Rxd8 Rxd8 29.Nc6 Rd1+ 30.Kf2 Rd2+ 31.Kg3 Kd6 32.Ra7 Kc5 33.Rxh7 
Kxb5 34.Rc7 Re2 35.Na7+ Ka6 36.Rf7 Bg5 37.Nc8 Rc2 38.Ra7+ Kb5 39.Nd6+ Kc6 
40.Ne4 Bf4+ 41.Kh3 g5 42.Re7 g4+ 43.fxg4 Kd5 44.Nf6+ Kd6 45.Re8 Rxc3+ 46.
g3 Ra3 47.Kh4 Bh6 48.g5 Bg7 49.Nh5 Ra7 50.Rg8 b5 51.Nxg7 b4 52.Nf5+ Ke6 
53.g4 b3 54.Rb8 Ra2 55.h3 b2 56.g6 1-0

[Event "17th WCh U20 Girls"]
[Site "Yerevan ARM"]
[Date "1999.09.24"]
[Round "7"]
[White "Kouvatsou, Maria"]
[Black "Sheldon, Ruth"]
[Result "1/2-1/2"]
[WhiteElo "2152"]
[BlackElo "2310"]
[EventDate "1999.09.18"]
[PlyCount "104"]

1.e4 c5 2.Nf3 Nc6 3.c3 Nf6 4.e5 Nd5 5.d4 cxd4 6.Bc4 Nb6 7.Bb3 d5 8.exd6 
Qxd6 9.O-O Be6 10.Bxe6 Qxe6 11.Nxd4 Nxd4 12.Qxd4 Rd8 13.Qh4 Qe2 14.Bd2 h5 
15.Re1 Qg4 16.Qxg4 hxg4 17.b3 e6 18.c4 Bc5 19.Bc3 Ke7 20.Bxg7 Rh5 21.Nc3 
Bd6 22.Ne4 Bxh2+ 23.Kf1 Be5 24.Bxe5 Rxe5 25.Nc3 Rxe1+ 26.Kxe1 Rd3 27.Ne4 
Rd7 28.Rd1 Rxd1+ 29.Kxd1 Nd7 30.Kd2 f5 31.Nc3 a6 32.Ke3 Kd6 33.b4 b6 34.
Na4 Kc6 35.Nc3 a5 36.a3 axb4 37.axb4 Kd6 38.Kf4 Nb8 39.Na4 Nc6 40.b5 Na5 
41.Nxb6 Kc5 42.Nd7+ Kxc4 43.Ke5 Kd3 44.Kf4 Kd4 45.b6 Nb7 46.Nf8 Kd5 47.Kg5
Nc5 48.f3 gxf3 49.gxf3 Kc6 50.Kf6 Kxb6 51.Nxe6 Nd3 52.Kxf5 Ne1 1/2-1/2

[Event "17th WCh U20 Girls"]
[Site "Yerevan ARM"]
[Date "1999.09.24"]
[Round "7"]
[White "Jackova, Jana"]
[Black "Kuang Yinghui"]
[Result "1/2-1/2"]
[WhiteElo "2233"]
[BlackElo "2202"]
[EventDate "1999.09.18"]
[PlyCount "45"]

1.e4 e5 2.Nf3 Nc6 3.d4 exd4 4.Bc4 Nf6 5.e5 d5 6.Bb5 Ne4 7.Nxd4 Bd7 8.Bxc6 
bxc6 9.O-O Bc5 10.f3 Ng5 11.Be3 Bb6 12.f4 Ne4 13.Nd2 Nxd2 14.Qxd2 c5 15.
Nb3 d4 16.Bf2 Bc6 17.c4 dxc3 18.Qxc3 Qd5 19.Qg3 O-O-O 20.Qg4+ Bd7 21.Qe2 
Bc6 22.Qg4+ Bd7 23.Qe2 1/2-1/2